000 00311 a2200133 4500
000 nam a22 7a 4500
100 _asingh
110 _asingh
245 _aमानवाधिकार
250 _alatest edition
260 _bBalack & Balack
_c2025
264 _bBalack & Balack
_c2025
942 _cBK
999 _c394754
_d394754